ha-Parashim mistaʻarim (Record no. 31477)

MARC details
000 -LEADER
fixed length control field 00596cam a22002171 4500
001 - CONTROL NUMBER
control field he 66000189
003 - CONTROL NUMBER IDENTIFIER
control field DLC
005 - DATE AND TIME OF LATEST TRANSACTION
control field 20260227111435.0
008 - FIXED-LENGTH DATA ELEMENTS--GENERAL INFORMATION
fixed length control field 880611s1965 is a 000 1 hebr
010 ## - LIBRARY OF CONGRESS CONTROL NUMBER
LC control number he 66000189
035 ## - SYSTEM CONTROL NUMBER
System control number (OCoLC)18073618
040 ## - CATALOGING SOURCE
Original cataloging agency DLC
Transcribing agency TxU
Modifying agency DLC
042 ## - AUTHENTICATION CODE
Authentication code premarc
050 00 - LIBRARY OF CONGRESS CALL NUMBER
Classification number PZ90.H3
Item number B527
100 1# - MAIN ENTRY--PERSONAL NAME
Personal name Biber, Yehoash,
Dates associated with a name 1937-
245 13 - TITLE STATEMENT
Title ha-Parashim mistaʻarim
Statement of responsibility, etc. [me-et] Yehoʼash Biber. Tsiyurim: Giyora Tesler.
260 ## - PUBLICATION, DISTRIBUTION, ETC.
Place of publication, distribution, etc. Tel-Aviv,
Name of publisher, distributor, etc. Masadah
Date of publication, distribution, etc. [1965]
300 ## - PHYSICAL DESCRIPTION
Extent 135 p.
Other physical details illus.
Dimensions 23 cm.
500 ## - GENERAL NOTE
General note Vocalized.
500 ## - GENERAL NOTE
General note Romanized record.

No items available.

Powered by Koha